Sean Kingston Discography - Statistics

General Stats
  • This quiz has been taken 6 times
  • The average score is 3 of 6
Answer Stats
Type Year Name % Correct
Album 2007 Sean Kingston
100%
Album 2013 Back 2 Life
50%
Album 2009 Tomorrow
50%
Mixtape 2011 King of Kingz
33%
Mixtape 2009 My Time
17%
Mixtape 2010 Yesterday
17%
No matching quizzes found
Score Distribution
Percent of People with Each Score
Percentile by Number Answered
Your Score History
You have not taken this quiz